000 00382nam a2200157Ia 4500
003 OSt
005 20251204111147.0
008 170523s9999 xx 000 0 und d
020 _a978-9352605415
040 _ciimt university meerut
100 _aBHOLE- LM
245 0 _aFINANCIAL INSTITUTION AND MARKETS
260 _bNEW DELHI TATA MC GRAW HILL
260 _c1996
942 _2ddc
_c02
999 _c37
_d37